Normal view
MARC view
Entry Personal Name
001 - CONTROL NUMBER
- control field: 1398
003 - CONTROL NUMBER IDENTIFIER
- control field: ARRUPE
005 - DATE AND TIME OF LATEST TRANSACTION
- control field: 20130926125127.0
008 - FIXED-LENGTH DATA ELEMENTS
- fixed length control field: 130926|| aca||aabn | a|a d
040 ## - CATALOGING SOURCE
- Original cataloging agency: ARRUPE
- Transcribing agency: ARRUPE
100 ## - HEADING--PERSONAL NAME
- Personal name: Paul,
- Titles and other words associated with a name: the Apostle, Saint
- Form subdivision: Meditations.
670 ## - SOURCE DATA FOUND
- Source citation: Work cat.: (ARRUPE)0: Martini, Carlo Maria, 1927-2012. 1397, The Gospel according to St. Paul :, c2008.